000 00678nam a22002297a 4500
003 UA-OsUOA
001 116136
007 ta
008 20160210b un ||||| |||| 00| 0 ukr d
100 _aПадалка о.С.
700 _aКулішов В.В.
090 _a330(477)
_bП12
942 _cSA
040 _aUA-OsUOA
_bukr
_cUA-OsUOA
_dUA-OsUOA
245 _aДецентралізація - нова парадигмв соціально-економічного розвитку регіонів України
300 _aС.45-54
955 _a0
041 _aukr
080 _a330(477)
773 0 _w116133
650 7 _a330 Економіка взагалі
_2UDC
999 _c401951
_d401951